000 00241nam a22000857a 4500
008 251113b ||||| |||| 00| 0 eng d
100 _aNutmeg Stamp Sales
245 _aCivil War Patriotic Covers Postally Used
650 _aCivil War Patriotic Covers
999 _c3693
_d3693